|
|
|
|
| LEADER |
00000nam0a2200000 4500 |
| 001 |
352482 |
| 005 |
20231102010513.0 |
| 035 |
|
|
|a (RuTPU)RU\TPU\retro\9061
|
| 090 |
|
|
|a 352482
|
| 100 |
|
|
|a 20200109d k y0rusy50 ca
|
| 101 |
0 |
|
|a rus
|
| 102 |
|
|
|a RU
|
| 105 |
|
|
|a a z 000zy
|
| 200 |
1 |
|
|a Регенеративный процесс холодильной машины
|f Г. И. Фукс
|
| 210 |
|
|
|a [Томск]
|
| 215 |
|
|
|a 10 с.
|c табл., черт.
|
| 316 |
|
|
|5 63413507: ШкА/521
|a На с. 1 дарственная надпись: "В библиотеку СТИ от автора. 27.1-28"
|
| 606 |
|
|
|a Холодильные машины
|x Теплообменные устройства
|2 stltpush
|3 (RuTPU)RU\TPU\subj\17518
|9 43137
|
| 610 |
1 |
|
|a коллекция ТПУ
|
| 610 |
1 |
|
|a труды учёных ТПУ
|
| 610 |
1 |
|
|a дарственные надписи
|
| 610 |
1 |
|
|a дары автора
|
| 610 |
1 |
|
|a дары библиотеке
|
| 610 |
1 |
|
|a конструкция
|
| 610 |
1 |
|
|a регенеративные системы
|
| 610 |
1 |
|
|a процессы
|
| 610 |
1 |
|
|a расчеты
|
| 610 |
1 |
|
|a цикл Карно
|
| 610 |
1 |
|
|a холодопроизводительность
|
| 610 |
1 |
|
|a теплообмен
|
| 675 |
|
|
|a 621.57
|v 3
|
| 700 |
|
1 |
|a Фукс
|b Г. И.
|c российский ученый-теплотехник
|c профессор ТПИ
|f 1894-1991
|g Григорий Ильич
|2 stltpush
|3 (RuTPU)RU\TPU\pers\21922
|9 9258
|
| 801 |
|
1 |
|a RU
|b 63413507
|c 20191228
|
| 801 |
|
2 |
|a RU
|b 63413507
|c 20200109
|g RCR
|
| 942 |
|
|
|c BK
|